000 00799nam a22001937a 4500
005 20250108122136.0
010 _aHIN-129193
020 _a9789391559007
_c300.00
035 _aHN-101539
037 _bDBAD
082 _a822
100 _aत्रिपाठी, दिनेशमणि
_976090
245 _aआत्महत्या/
_cदिनेशमणि
250 _aप्रथम
260 _aदिल्ली
_bकोशल पब्लिशिंग हाउस
_c2024
270 _aए-49,गली नं-6 जगतपुरी एक्स्टेंशन
_bदिल्ली
_e110093
_k9811827837
_mkphouse2016@gmail.com
300 _a96 पृ.
_c22 सेमी (अजिल्द )
942 _2ddc
_cHN
_h822
_kत्रिपति
999 _c208202
_d208202